Сборник инструкций по технике безопасности... № 29: ... для дробильной и обогатительной фабрик (Запись № 8352699)

Подробности
000 -МАРКЕР
контрольное поле 01065nam2a22002411 4500
001 - ИДЕНТИФИКАТОР ЗАПИСИ
контрольное поле rc\4923551
005 - ИДЕНТИФИКАТОР ВЕРСИИ
контрольное поле 20250612204346.0
021 ## - НОМЕР ГОСУДАРСТВЕННОЙ РЕГИСТРАЦИИ
Код страны Российская Федерация
Номер Рг5009-58
035 ## - ДРУГИЕ СИСТЕМНЫЕ НОМЕРА
Идентификатор записи (NLR Aleph) 008842679
100 ## - ДАННЫЕ ОБЩЕЙ ОБРАБОТКИ
Данные общей обработки 20130426d1957 |||y0rusy50 ca
101 0# - ЯЗЫК РЕСУРСА
Язык текста, звукозаписи и т.д. русский
102 ## - СТРАНА ПУБЛИКАЦИИ ИЛИ ПРОИЗВОДСТВА
Страна публикации Российская Федерация
105 ## - ПОЛЕ КОДИРОВАННЫХ ДАННЫХ: ТЕКСТОВЫЕ МАТЕРИАЛЫ, МОНОГРАФИЧЕСКИЕ
Кодированные данные о монографическом текстовом документе y z |||||
200 1# - ЗАГЛАВИЕ И СВЕДЕНИЯ ОБ ОТВЕТСТВЕННОСТИ
Основное заглавие ... для дробильной и обогатительной фабрик
210 ## - ПУБЛИКАЦИЯ, РАСПРОСТРАНЕНИЕ И ДР.
Дата издания, распространения и т.д. 1957
Место издания, распространения и т.д. Б. м.
215 ## - ФИЗИЧЕСКАЯ ХАРАКТЕРИСТИКА
Специфическое обозначение материала и объем 139 с.
461 #0 - УРОВЕНЬ НАБОРА
Встроенное поле 001rc\4923549
-- 2001#$aСборник инструкций по технике безопасности...$e№ 7$fЮжный горнообогат. комбинат$v№ 29
Системный номер (АБИС) связанной записи 8352690
Автор Южный горнообогатительный комбинат (Кривой Рог)
Место публикации Кривой Рог
Дата публикации 1957
Первые сведения об ответственности Южный горнообогат. комбинат
Имя издателя, распространителя и т.д. Б. и.
Сведения, относящиеся к заглавию № 7
Заглавие Сборник инструкций по технике безопасности...
Номер тома № 29
801 #0 - ИСТОЧНИК ЗАПИСИ
Страна Российская Федерация
Организация NLR
Правила каталогизации psbo
801 #1 - ИСТОЧНИК ЗАПИСИ
Страна Российская Федерация
Организация ELAR
Источник данных rusmarc
852 ## - МЕСТОНАХОЖДЕНИЕ И ШИФР ХРАНЕНИЯ
Идентификатор организации NLR
Шифр хранения (Call Number) 58-1/591
942 ## - ДОПОЛНИТЕЛЬНЫЕ ЭЛЕМЕНТЫ ЗАПИСИ (АБИС)
Тип экземпляра АБИС Книга
980 ## - КОЛЛЕКЦИЯ
Название коллекции Национальная библиография
Экземпляры
Тип экземпляра Дата поступления Библиотека постоянного хранения Библиотека текущего хранения Место хранения Шифр хранения Штрих-код Статус экземпляра
Книга 26.10.2013 РНБ (Московский) РНБ (Московский) Русский книжный фонд: издания с 1957 года 58-1/591 8842679-10